| Tag |
First Indicator |
Second Indicator |
Subfields |
| LEADER |
00000cam a2200000 a 4500 |
| 001 |
in00000655621 |
| 005 |
20151015071150.0 |
| 008 |
810211s1981 ilua b 00100 engm |
| 010 |
|
|
|a 80067665
|
| 020 |
|
|
|a 0256020604
|
| 035 |
|
|
|a (OCoLC)07277733
|
| 035 |
|
|
|9 ACW7936AM
|
| 040 |
|
|
|a DLC
|c DLC
|d m.c.
|d TXA
|d UtOrBLW
|
| 043 |
|
|
|a n-us---
|
| 049 |
|
|
|a TXAM
|c [1386369]
|
| 050 |
0 |
0 |
|a HN18
|b .H783
|
| 082 |
0 |
|
|a 362/.042
|2 19
|
| 245 |
0 |
0 |
|a Human responses to social problems /
|c Louis Schneider [and others].
|
| 264 |
|
1 |
|a Homewood, Ill. :
|b Dorsey Press,
|c 1981.
|
| 300 |
|
|
|a ix, 398 pages :
|b illustrations ;
|c 25 cm.
|
| 336 |
|
|
|a text
|b txt
|2 rdacontent
|
| 337 |
|
|
|a unmediated
|b n
|2 rdamedia
|
| 338 |
|
|
|a volume
|b nc
|2 rdacarrier
|
| 490 |
1 |
|
|a The Dorsey series in sociology
|
| 504 |
|
|
|a Includes bibliographical references and index.
|
| 650 |
|
0 |
|a Social problems.
|
| 651 |
|
0 |
|a United States
|x Social conditions
|y 1960-1980.
|
| 700 |
1 |
|
|a Schneider, Louis,
|d 1915-
|
| 830 |
|
0 |
|a Dorsey series in sociology.
|
| 999 |
|
|
|a MARS
|
| 999 |
f |
f |
|s d1ca5094-ffea-3b47-8f8b-53b35c289f6c
|i 3859d9ca-3e17-3b4b-85fc-dc00828be225
|t 0
|
| 952 |
f |
f |
|p ric
|a Texas A&M University
|b Rellis Campus
|c Joint Library Facility
|d Remote Storage
|t 0
|e HN18 .H783
|h Library of Congress classification
|i unmediated -- volume
|m A14802928900
|
| 998 |
f |
f |
|a HN18 .H783
|t 0
|l Remote Storage
|